000 00662nam a2200253 a 4500
003 AR-BaBNM
005 20251128204646.0
008 082120s2002 ||||||||||||||000 | spa||
020 _a950-9831-27-1
040 _cAR-BaBNM
100 1 _aAlbasini, Mario
245 0 0 _aEl Peteco de doña Tecla
260 _aBuenos Aires
_bMétodos
_c1993
300 _a44 p.
_bil.
490 0 _aLa pluma encantada
_vv. 1
500 _aSe recomienda a partir de los 8 años
650 4 _aLITERATURA INFANTIL
650 4 _aIMAGINACION
653 _aCUENTOS DE MISTERIO
655 _aLITERATURA
700 1 _aCórdoba, Luis
_eilustrador
942 _cBK
998 _cisola
999 _c8265
_d8265